[Event "HCL-A2549"]
[Site "www.playchess.de"]
[Date "2006.01.28"]
[Round "7"]
[White "Sobral"]
[Black "robinhood"]
[WhiteElo "1700"]
[BlackElo "1700"]
[PlyCount "35"]
[Result "1-0"]

1.d4 d6 2.Nf3 Nf6 3.c4 g6 4.b3 Bg7 5.Bb2 Nbd7 
{hi!!!
when will u be available online???}  6.Nbd2 {what 
do you mean by "available online"?}  O-O {when do 
u play chess at this site.i mean at what time do u 
play chess at this site???}  7.e4 {Whenever 
possible. As an example I am in the office now. I 
usually take some 5-10 minutes break now and then 
in order to check mail and moves. This has been a 
quite interesting experience. At night, at home, I 
also log to check moves.And you?
Regards.}  b6 {i will be available online between 
3pm and 5pm in the evening  and 10pm and 11.30pm 
in the night.

my name is vishnu from india??
what's ur name?? ur age please??}  8.Bd3 {My name 
is Antonio Fausto Sobral, from Brazil. I am 52. 
And you?}  Bb7 {my name is vishnu menon from 
india.i am 15.}  9.O-O c5 {HI!! U DIDN'T REPLY???} 
 10.d5 {Sorry for not replying. I wish you a Happy 
New Year, full of achievements. Do you play OTB 
(over the board, real chess) chess?
Regards.}  h6 {yes.i am rated player. what's ur 
real name?? where r u from??

happy new year!!!!}  11.Ne1 {My name is Antonio F 
Sobral and I was born and live in Sao Paulo, 
Brazil. I am a 52 years old engineer. Are you 
interested in engineering. Regards.}  Kh7 {of 
course,i am interested in engineering?? can u tell 
me which engineering is good for me?? i am 16 yrs 
old. my name is vishnu menon.i would 

like to for IT ALSO(information and 
technology)
}  12.f4 {Vishnu, there is no right engineering 
(or anything else) for anyone. You must follow 
your heart. Be happy!}  a6 {thanks!! u r right!!}  
13.Nef3 Rc8 14.Qe2 Nh5 15.Bxg7 Nxf4 16.Qe3 Nxd3 
17.Qxh6+ Kg8 18.Qh8+ 1-0

[Event "HCL-E1548"]
[Site "www.playchess.de"]
[Date "2006.01.28"]
[Round "7"]
[White "carlosmadeira"]
[Black "redstar"]
[WhiteElo "1550"]
[BlackElo "1737"]
[PlyCount "49"]
[Result "1-0"]

1.d4 Nf6 2.c4 g6 3.Nc3 Bg7 4.e3 O-O 5.Nf3 d6 6.g3 
c6 7.Bg2 Bg4 8.O-O Nbd7 9.Qc2 Qc7 10.Re1 e5 11.Bd2 
Rfe8 12.Rac1 Nb6 13.b3 exd4 14.Nxd4 Rad8 15.h3 Be6 
16.Nxe6 fxe6 17.Ne2 d5 18.Ba5 Qd7 19.c5 Nc8 
20.Bxd8 Rxd8 21.Rcd1 Ne7 22.e4 Qc7 23.Nf4 Qd7 
24.exd5 Nfxd5 25.Nxe6 1-0

[Event "HCL-E1513"]
[Site "www.playchess.de"]
[Date "2006.01.28"]
[Round "8"]
[White "siroos"]
[Black "Duffy"]
[WhiteElo "1973"]
[BlackElo "1645"]
[PlyCount "83"]
[Result "1-0"]

1.e4 {hi}  e5 {Hello}  2.Nf3 Nc6 3.Bc4 Nf6 4.d3 
Be7 5.O-O O-O 6.Re1 d6 7.c3 Na5 8.Bb5 a6 9.Ba4 b5 
10.Bc2 c5 11.Nbd2 Nc6 12.Nf1 Re8 13.Ng3 Qc7 14.h3 
Bd7 15.Nh2 h6 16.Qf3 Bf8 17.Bxh6 Nxe4 18.Nxe4 d5 
19.Nf6+ gxf6 20.Bxf8 Kxf8 21.Qxf6 Ra7 22.Ng4 Re6 
23.Qh8+ Ke7 24.Bb3 c4 25.dxc4 bxc4 26.Ba4 e4 
27.Ne3 Qe5 28.Qh4+ Kf8 29.Rad1 Ne7 30.Bxd7 Rxd7 
31.Nxc4 Qg7 32.Ne3 a5 33.Qf4 Rd8 34.Qc7 Red6 
35.Qxa5 f5 36.Qc5 f4 37.Ng4 Nf5 38.a4 Kg8 39.a5 f3 
40.a6 fxg2 41.a7 R6d7 42.Rxd5 1-0

[Event "HCL-C3985"]
[Site "www.playchess.de"]
[Date "2006.01.28"]
[Round "7"]
[White "Roger_K"]
[Black "ronan48"]
[WhiteElo "1132"]
[BlackElo "959"]
[PlyCount "51"]
[Result "1-0"]

1.e4 e5 2.Nf3 d6 3.d4 Nf6 4.dxe5 Qe7 5.exf6 Qxf6 
6.Nc3 Nc6 7.Nd5 Qe6 8.Nxc7+ Kd7 9.Nxe6 Kxe6 
10.Ng5+ Ke7 11.Bf4 f6 12.Bxd6+ Ke8 13.Bb5 Bxd6 
14.Qxd6 a6 15.Bxc6+ bxc6 16.Qxc6+ Kf8 17.Ne6+ Bxe6 
18.Qxe6 Re8 19.Qd6+ Kf7 20.O-O-O Rxe4 21.Qxa6 Rhe8 
22.Rd7+ Kg6 23.Qd3 Kf5 24.Rxg7 Ke5 25.f3 Ra4 
26.Qb5+ 1-0

[Event "HCL-M858"]
[Site "www.playchess.de"]
[Date "2006.01.28"]
[Round "10"]
[White "Goofy"]
[Black "luciano59"]
[WhiteElo "2041"]
[BlackElo "2269"]
[PlyCount "120"]
[Result "1/2-1/2"]

1.d4 Nf6 2.c4 e6 3.Nf3 b6 4.g3 Ba6 5.b3 d5 6.Nbd2 
Be7 7.Bg2 O-O 8.O-O c5 9.Bb2 Nc6 10.Rc1 Rc8 
11.dxc5 bxc5 12.cxd5 exd5 13.Re1 Ng4 14.h3 Nh6 
15.e4 Nb4 16.exd5 Nd3 17.Qc2 Nxc1 18.Qxc1 Re8 
19.Ne5 Bf6 20.Qc2 Bxe5 21.Rxe5 Rxe5 22.Bxe5 Bb7 
23.Qd3 Qd7 24.Nc4 f6 25.Bf4 Nf7 26.Na5 Rd8 27.Nxb7 
Qxb7 28.Be3 Qb4 29.Qc2 Rc8 30.Qf5 Rd8 31.Be4 g6 
32.Qe6 c4 33.Qxf6 cxb3 34.Bd4 Kf8 35.Bg2 bxa2 
36.Kh2 Rd6 37.Qg7+ Ke7 38.f4 Rb6 39.Bc3 Qa3 40.Ba1 
h5 41.h4 Ke8 42.Qg8+ Qf8 43.Qh7 a6 44.f5 gxf5 
45.Qxf5 Qc5 46.Qe4+ Kf8 47.Qh7 Qe3 48.Bg7+ Ke7 
49.Qg8 Qf2 50.Qc8 Nd8 51.Qc4 Rg6 52.Be5 Nf7 
53.Qc7+ Ke8 54.Qc8+ Nd8 55.Qc3 Qf5 56.Qe3 Kf8 
57.Bc3 Rg4 58.d6 Qe6 59.Qb6 Ke8 60.Qxa6 Kf8 
{(offering draw)}  1/2-1/2

[Event "HCL-E1556"]
[Site "www.playchess.de"]
[Date "2006.01.28"]
[Round "3"]
[White "Matu"]
[Black "hal1958"]
[WhiteElo "1551"]
[BlackElo "1427"]
[PlyCount "90"]
[Result "1/2-1/2"]

1.e4 e5 {have a nice game}  2.Nf3 {thanks and good 
luck}  d6 3.Bc4 Be6 4.Bxe6 fxe6 5.c3 Nc6 6.d3 h6 
7.O-O Nf6 8.h3 Qd7 9.Be3 a6 10.Nbd2 O-O-O 11.Qc2 
d5 12.exd5 exd5 13.d4 e4 14.Nh2 g5 15.f4 exf3 
16.Ndxf3 Bd6 17.Kh1 Ne4 18.Kg1 Rhf8 19.Nd2 Ng3 
20.Rxf8 Rxf8 21.Ndf1 Nxf1 22.Nxf1 Ne7 23.Qe2 Nf5 
24.Bd2 Re8 25.Qf3 Rf8 26.Qg4 Ng7 27.Qxd7+ Kxd7 
28.Ne3 c6 29.Rf1 Rxf1+ 30.Nxf1 Ne6 31.Kf2 Bf4 
32.g3 Bxd2 33.Nxd2 b6 34.Kf3 h5 35.Nf1 Ke7 36.Ne3 
Kf6 37.b4 Nc7 38.Ke2 Nb5 39.Kd3 Nd6 40.g4 h4 41.a4 
Ne4 42.Nd1 Ke6 43.c4 Kd6 44.c5+ bxc5 45.bxc5+ Kc7 
{(offering draw)}  1/2-1/2

[Event "HCL-E1500"]
[Site "www.playchess.de"]
[Date "2006.01.28"]
[Round "17"]
[White "mpreuss"]
[Black "guitran"]
[WhiteElo "1975"]
[BlackElo "1414"]
[PlyCount "75"]
[Result "1-0"]

1.f4 {hi and good luck !}  d5 2.Nf3 Nf6 {All the 
best to you!}  3.e3 g6 4.Be2 Bg7 5.O-O O-O 6.d3 c5 
7.Qe1 Bg4 8.h3 Bxf3 9.Bxf3 Nc6 10.Nd2 Qd7 11.a3 
Rae8 12.Rb1 e5 13.fxe5 Nxe5 14.Qh4 Re6 15.b4 Rfe8 
16.Nb3 Nxf3+ 17.Rxf3 c4 18.Nc5 Qb5 19.Bb2 Nh5 
20.Nxe6 Rxe6 21.Bxg7 Nxg7 22.dxc4 dxc4 23.Rd1 Nf5 
24.Qf4 Qe5 25.Rd7 Qxf4 26.Rxf4 Rxe3 27.Rxc4 Rxa3 
28.Rcc7 Nh6 29.Rcxb7 a5 30.b5 Re3 31.Rb8+ Kg7 
32.b6 a4 33.b7 g5 34.Rbd8 g4 35.b8Q Re1+ 36.Kh2 
Nf5 37.Qb2+ Kh6 38.Qf6+ 1-0

[Event "HCL-B3832"]
[Site "www.playchess.de"]
[Date "2006.01.28"]
[Round "3"]
[White "Akkarin"]
[Black "djpnola"]
[WhiteElo "1333"]
[BlackElo "1150"]
[PlyCount "115"]
[Result "1-0"]

1.d3 {Hello from Imardin, Kyralia}  d5 
{Hello.
}  2.Nd2 e5 3.Ngf3 Bd6 4.e4 d4 5.c3 Bg4 6.Be2 Bxf3 
7.Nxf3 Nf6 8.O-O Nc6 9.Qc2 O-O 10.Bg5 h6 11.Bh4 g5 
12.Bg3 Ng4 13.Nxd4 Bc5 14.Nxc6 bxc6 15.Bxg4 Qf6 
16.Bf5 h5 17.h3 h4 18.Bh2 Kg7 19.b4 Bd6 20.Qe2 a5 
21.a3 axb4 22.axb4 c5 23.b5 Rxa1 24.Rxa1 Rb8 25.c4 
Be7 26.Ra6 Rb6 27.Rxb6 cxb6 28.Qa2 Qd6 29.Qc2 f6 
30.Kf1 Qd4 31.Ke2 Qa1 32.Qd1 Qb2+ 33.Qd2 Qa1 34.f3 
Qh1 35.Bxe5 fxe5 36.Kf2 Qh2 37.Qb2 Qg3+ 38.Kf1 Bf6 
39.Qa2 g4 40.Qa7+ Kh6 41.Qh7+ Kg5 42.Qg6+ Kf4 
43.Bxg4 Ke3 44.Qh6+ Kxd3 45.Qxf6 Kd2 46.Qh6+ Kd3 
47.Qc1 Qh2 48.Kf2 Qg3+ 49.Kg1 Kd4 50.Be6 Kd3 
51.Qf1+ Ke3 52.Bd5 Kd4 53.Qf2+ Qxf2+ 54.Kxf2 Kd3 
55.g4 Kc3 56.g5 Kb4 57.g6 Ka5 58.g7 1-0

[Event "HCL-A2554"]
[Site "www.playchess.de"]
[Date "2006.01.28"]
[Round "7"]
[White "GCP"]
[Black "Wernswig"]
[WhiteElo "1404"]
[BlackElo "1416"]
[PlyCount "46"]
[Result "0-1"]

1.e4 {hai again, good luck}  e5 {hi, good luck for 
our next game}  2.Nf3 Nf6 3.d4 exd4 4.Bc4 Be7 
5.O-O O-O 6.Qxd4 Nc6 7.Qe3 d6 8.Bd2 Be6 9.Bxe6 
fxe6 10.e5 Nd5 11.Qe2 dxe5 12.Nxe5 Nxe5 13.Qxe5 
Bf6 14.Qxe6+ Kh8 15.Nc3 Nxc3 16.Bxc3 Bxc3 17.bxc3 
Qd2 18.Qb3 Rad8 19.c4 b6 20.c3 Rde8 21.Rad1 Qf4 
22.Rd4 Qxf2+ 23.Rxf2 Re1+ 0-1

[Event "HCL-E1556"]
[Site "www.playchess.de"]
[Date "2006.01.28"]
[Round "13"]
[White "hal1958"]
[Black "Emerson"]
[WhiteElo "1427"]
[BlackElo "1766"]
[PlyCount "62"]
[Result "0-1"]

1.b4 {have a nice game}  e5 {welcome!the same to 
you!}  2.Bb2 f6 3.b5 Bc5 4.e3 d5 5.Nf3 Ne7 6.c4 
Be6 7.cxd5 Nxd5 8.Be2 O-O 9.O-O a6 10.a4 axb5 
11.axb5 Rxa1 12.Bxa1 Nd7 13.d4 exd4 14.Bxd4 Qe7 
15.Bxc5 Qxc5 16.Nd4 Bf7 17.Bf3 Ne5 18.Qc1 Nxf3+ 
19.Nxf3 Qxb5 20.Nd4 Qb6 21.Nd2 c5 22.Ne2 Qc6 
23.Ne4 Rc8 24.N4c3 b5 25.Nxd5 Bxd5 26.f3 b4 27.e4 
Bf7 28.Rd1 c4 29.Nd4 Qc5 30.Kf1 c3 31.Nf5 
Bc4+ 0-1

[Event "HCL-A2527"]
[Site "www.playchess.de"]
[Date "2006.01.28"]
[Round "25"]
[White "GCP"]
[Black "zemljanin"]
[WhiteElo "1491"]
[BlackElo "1437"]
[PlyCount "121"]
[Result "1-0"]

1.e4 {hello from Rome, have a good game}  c5 
{hello to you too from antarctica}  2.c3 {wow ... 
a glacial game! :))}  e6 3.d4 d5 4.exd5 exd5 5.Nf3 
c4 6.Ne5 f6 7.Qh5+ Ke7 {i made a mistake...}  
8.Qf7+ {happy new year !}  Kd6 {thanks, happy new 
year to you too!}  9.Nxc4+ Kc6 10.Ne3 Nh6 11.Qh5 
g6 12.Qd1 Bd7 13.Be2 Nf5 14.Bf3 Nxe3 15.Bxe3 Be6 
16.O-O Kc7 17.Nd2 h5 18.Qb3 Nc6 19.Qc2 Rc8 20.Qxg6 
Bg4 {now my chances went to minimum... I saw it 
when I clicked on move...}  21.Bxg4 {it's an 
unlucky game ... where have you take from the 
"favourite sentence" written in your profile ?}  
hxg4 {it's from a song that I hear some while ago, 
I think it's from 1970's...}  22.Qxg4 {I like it 
...}  Bd6 23.Bf4 Ne7 24.Bxd6+ Qxd6 25.Qg3 Rcg8 
26.Qxd6+ Kxd6 27.Rae1 Nf5 28.Nf3 Rg7 29.Re2 Rhg8 
30.g3 Re7 31.Rxe7 Nxe7 32.Re1 Rg4 33.h3 Rg8 34.Kf1 
Nf5 35.g4 Ne7 36.Nh4 Rh8 37.Nf5+ Nxf5 38.gxf5 Rxh3 
39.Re6+ Kd7 40.Rxf6 Ke7 41.Rg6 Kf7 42.Rd6 Ke7 
43.Rxd5 Rh1+ 44.Ke2 Rb1 45.Rb5 b6 46.Kf3 Rh1 
47.Ke4 Re1+ 48.Kd5 Kd7 49.f4 Re2 50.a4 Kc7 51.f6 
Re8 52.a5 Rh8 53.Ke6 Re8+ 54.Kf7 Re2 55.axb6+ axb6 
56.Kf8 Rf2 57.f5 Kc6 58.c4 Rf4 59.d5+ Kc7 60.b3 
Rxf5 61.d6+ {it was a trap... :))} 
 1-0

[Event "HCL-A2498"]
[Site "www.playchess.de"]
[Date "2006.01.28"]
[Round "7"]
[White "Baldrick"]
[Black "cabe"]
[WhiteElo "1719"]
[BlackElo "1415"]
[PlyCount "70"]
[Result "1/2-1/2"]

1.Nf3 {Greetings and good luck!}  d6 {Good luck to 
you too!}  2.g3 g6 3.Bg2 Bg7 4.O-O Nf6 5.d3 O-O 
6.e4 c5 7.c3 Nc6 8.Qe1 Rb8 9.Nbd2 e5 10.h4 h5 
11.Nh2 d5 12.f4 Qd6 13.Ndf3 dxe4 14.dxe4 Rd8 
15.fxe5 Nxe5 16.Nxe5 Qxe5 17.Bf4 Qe8 18.Bxb8 Bh3 
19.Bxh3 Rxb8 20.e5 Nd5 21.e6 f6 22.Rd1 Rd8 23.Bg2 
Nb6 24.Rxd8 Qxd8 25.e7 Qe8 26.Rxf6 Bxf6 27.Qe6+ 
Kg7 28.Bxb7 Qxe7 29.Qxe7+ Bxe7 30.b3 Bf6 31.c4 
Bd4+ 32.Kg2 Kf6 33.Nf3 Be3 34.Be4 Nc8 35.Ne1 Nd6 
{(offering draw)}  1/2-1/2

[Event "HCL-A2498"]
[Site "www.playchess.de"]
[Date "2006.01.28"]
[Round "8"]
[White "cabe"]
[Black "Baldrick"]
[WhiteElo "1415"]
[BlackElo "1719"]
[PlyCount "71"]
[Result "1/2-1/2"]

1.e4 {Hello again Good luck!}  Nf6 2.e5 Nd5 3.g3 
d6 4.exd6 cxd6 5.Bg2 Nf6 6.Ne2 g6 7.O-O Bg7 8.d4 
d5 9.c3 O-O 10.Re1 Nc6 11.Bf4 Nh5 12.Qb3 Nxf4 
13.Nxf4 e6 14.Nd2 Qb6 15.Qxb6 axb6 16.Nb3 Na5 
17.Nd2 Bh6 18.b4 {Happy Newyear!}  Bxf4 {Happy New 
Year!}  19.gxf4 Nc6 20.b5 Na5 21.Kh1 Bd7 22.a4 
Rac8 23.Rac1 Rc7 24.f3 Rfc8 25.Re3 Nc4 26.Nxc4 
R7xc4 27.Ra1 Ra8 28.Bf1 Rcxa4 29.Rxa4 Rxa4 30.Re1 
Ra3 31.Re3 Rb3 32.Kg2 Bxb5 33.Bxb5 Rxb5 34.Re2 Kg7 
35.Kg3 Kf6 36.Kf2 {(offering draw)} 
 1/2-1/2

[Event "HCL-B3729"]
[Site "www.playchess.de"]
[Date "2006.01.28"]
[Round "11"]
[White "quant"]
[Black "epenz"]
[WhiteElo "1456"]
[BlackElo "1005"]
[PlyCount "97"]
[Result "1-0"]

1.e4 {hi gl}  e5 2.Nf3 Nc6 3.Bb5 d6 4.d4 Bd7 5.c3 
a6 6.Ba4 b5 7.Bb3 Nf6 8.O-O Be7 9.Re1 O-O 10.h3 h6 
11.Nbd2 exd4 12.cxd4 Qc8 13.e5 dxe5 14.dxe5 Nh7 
15.Ne4 Rd8 16.Qc2 Nb4 17.Qc3 c5 18.a3 Nc6 19.Nxc5 
Bxc5 20.Qxc5 Re8 21.Qd6 Na5 22.Ba2 Nb7 23.Qd4 Be6 
24.b4 Bxa2 25.Rxa2 a5 26.Rae2 axb4 27.axb4 Nf8 
28.Bb2 Re6 29.Nd2 Re8 30.f4 Qc7 31.f5 Rad8 32.Qg4 
Qb6+ 33.Kh1 g5 34.h4 Nh7 35.Nf3 Kh8 36.hxg5 hxg5 
37.Nxg5 Qh6+ 38.Nh3 f6 39.exf6 Rxe2 40.Rxe2 Nxf6 
41.Qg5 Qxg5 42.Nxg5 Kg7 43.Re7+ Kh6 44.Bxf6 Kh5 
45.Rh7+ Kg4 46.Bxd8 Nxd8 47.f6 Kxg5 48.f7 Nxf7 
49.Rxf7 1-0

[Event "HCL-E1543"]
[Site "www.playchess.de"]
[Date "2006.01.28"]
[Round "10"]
[White "Skipper"]
[Black "Eishockeytorwart"]
[WhiteElo "1504"]
[BlackElo "1979"]
[PlyCount "90"]
[Result "0-1"]

1.c4 e5 {welcome from germany}  2.Nc3 {Hello fm 
India}  Nc6 3.g3 Nf6 4.Bg2 Bc5 5.d3 O-O 6.Nf3 d5 
7.cxd5 Nxd5 8.O-O Nxc3 9.bxc3 Bb6 10.Bb2 Be6 11.c4 
e4 12.dxe4 Qxd1 13.Rfxd1 Bxc4 14.e3 Nb4 15.a3 Nd3 
16.Bd4 c5 17.Ne5 Bb5 18.Nxd3 cxd4 19.exd4 Bxd4 
20.Rab1 a6 21.Kh1 Rac8 22.f4 Rfd8 23.Nb4 Ba4 
24.Rd2 Bc5 25.Nd5 b5 26.Ra1 Bb3 27.Bf3 g6 28.Nf6+ 
Kh8 29.Rxd8+ Rxd8 30.e5 Rd4 31.Bb7 Ra4 32.Rc1 Bc4 
33.Rd1 Be7 34.Rd7 Bxf6 35.exf6 h6 36.Bd5 Bxd5+ 
37.Rxd5 Rxa3 38.Rd8+ Kh7 39.Rf8 g5 40.f5 b4 
41.Rxf7+ Kg8 42.Rg7+ Kf8 43.Rb7 a5 44.f7 b3 45.f6 
a4 0-1

[Event "HCL-T258"]
[Site "www.playchess.de"]
[Date "2006.01.28"]
[Round "17"]
[White "hal1958"]
[Black "GCP"]
[WhiteElo "1482"]
[BlackElo "1398"]
[PlyCount "92"]
[Result "0-1"]

1.b4 e5 {a dejavù :)}  2.Bb2 Bxb4 3.Bxe5 Nf6 4.e3 
Nc6 5.Bb2 O-O 6.Nf3 d5 7.c4 Be6 8.cxd5 Bxd5 9.Be2 
a5 10.O-O Be4 11.d3 Bf5 12.h3 Na7 13.a3 Be7 14.Nc3 
c6 15.d4 Nc8 16.Bd3 Bxd3 17.Qxd3 Nd6 18.Rfd1 b5 
19.Nd2 Rb8 20.Na2 Qc7 21.Rab1 Rfe8 22.Bc3 Nd5 
23.e4 Nxc3 24.Qxc3 Bg5 25.e5 Bxd2 26.Qxd2 Nc4 
27.Qc3 a4 28.Nb4 Rbd8 29.Na6 Qa5 30.Qxa5 Nxa5 
31.Nb4 Rdc8 32.Nd3 Nc4 33.Rba1 c5 34.Nxc5 Nxe5 
35.Ne4 Nc4 36.f3 f5 37.Ng3 g6 38.Kf2 Re3 39.Rdb1 
Rxa3 40.Rxa3 Nxa3 41.Ra1 Nc2 42.Rd1 b4 43.Ne2 a3 
44.Nc1 Rc3 45.Na2 Rc4 46.Rc1 b3 0-1

[Event "HCL-E1544"]
[Site "www.playchess.de"]
[Date "2006.01.28"]
[Round "16"]
[White "chess50"]
[Black "Matu"]
[WhiteElo "2155"]
[BlackElo "1494"]
[PlyCount "55"]
[Result "1-0"]

1.e4 c6 2.d4 d5 3.exd5 cxd5 4.c4 Nf6 5.Nc3 e6 
6.Nf3 a6 7.c5 b5 8.Bd3 Nc6 9.Bf4 Be7 10.O-O O-O 
11.a3 Nh5 12.Be3 Nf6 13.Qc2 g6 14.Bh6 Re8 15.Qd2 
Bf8 16.Bxf8 Kxf8 17.b4 Kg7 18.a4 bxa4 19.Rxa4 Bd7 
20.Rfa1 Nxd4 21.Nxd4 Bxa4 22.Nxa4 Qc7 23.Nb6 Ra7 
24.Bxa6 Ne4 25.Qb2 f6 26.Nb5 Qe7 27.Nxa7 Qxa7 
28.Bb5 1-0

[Event "HCL-C4071"]
[Site "www.playchess.de"]
[Date "2006.01.28"]
[Round "20"]
[White "IRONMAIDEN"]
[Black "aussie"]
[WhiteElo "1372"]
[BlackElo "1079"]
[PlyCount "47"]
[Result "1-0"]

1.e4 e5 2.Nc3 Bb4 3.a3 Bxc3 4.dxc3 d6 5.Bd3 Nf6 
6.Bg5 O-O 7.Nf3 Nbd7 8.O-O Qe8 9.b4 h6 10.Be3 a6 
11.Nh4 d5 12.exd5 Nxd5 13.Bd2 e4 14.Bc4 c6 15.Nf5 
e3 16.Nxe3 N7f6 17.Nxd5 Nxd5 18.Bxd5 cxd5 19.Re1 
Be6 20.Be3 Qd8 21.Bd4 Qg5 22.Re3 Rae8 23.Rg3 Qf5 
24.Rxg7+ 1-0

[Event "HCL-C4112"]
[Site "www.playchess.de"]
[Date "2006.01.28"]
[Round "2"]
[White "Ulpe"]
[Black "JULIUS"]
[WhiteElo "1571"]
[BlackElo "949"]
[PlyCount "27"]
[Result "1-0"]

1.e4 e5 2.Nf3 Nc6 3.Bb5 Nf6 4.O-O Nxe4 5.d4 Nxd4 
6.Nxd4 exd4 7.Re1 f5 8.f3 c5 9.fxe4 fxe4 10.Rxe4+ 
Be7 11.Bg5 O-O 12.Bxe7 Qe8 13.Qe2 Rf7 
14.Bxc5 1-0

[Event "HCL-E1553"]
[Site "www.playchess.de"]
[Date "2006.01.28"]
[Round "6"]
[White "badplayer"]
[Black "yannick"]
[WhiteElo "1591"]
[BlackElo "1584"]
[PlyCount "52"]
[Result "0-1"]

1.e4 {Bonjour}  d6 {bonne partie}  2.d4 {merci}  
Nf6 3.Bd3 e5 4.d5 Be7 5.Ne2 O-O 6.O-O Bg4 7.f3 Bd7 
8.Be3 Na6 9.a3 Nc5 10.b4 Nxd3 11.Qxd3 c6 12.c4 
cxd5 13.cxd5 Kh8 14.Nd2 a5 15.bxa5 Qxa5 16.Rfb1 b5 
17.Nc3 Rfb8 18.Rb4 Qxb4 19.axb4 Rxa1+ 20.Kf2 Rh1 
21.h3 Nh5 22.Nf1 Bh4+ 23.Ke2 Ra8 24.Nb1 Ra1 25.f4 
Ra2+ 26.Kf3 Nxf4 0-1

[Event "HCL-B3714"]
[Site "www.playchess.de"]
[Date "2006.01.28"]
[Round "13"]
[White "Jule"]
[Black "German04"]
[WhiteElo "1406"]
[BlackElo "1179"]
[PlyCount "127"]
[Result "1-0"]

1.c4 Nf6 2.Nc3 e5 3.e4 Bc5 4.h3 O-O 5.Nf3 d6 6.Be2 
Nc6 7.O-O Nd4 8.Bd3 Nh5 9.Nxd4 exd4 10.Na4 Nf4 
11.Qf3 Qg5 12.Kh1 Qh6 13.Kh2 Qg5 14.Nxc5 dxc5 
15.Rg1 Qe5 16.Kh1 Qf6 17.b3 Qh6 18.Bf1 Qd6 19.d3 
Ng6 20.g3 f5 21.Bd2 fxe4 22.Qxe4 Rxf2 23.Be1 Rf8 
24.Bg2 Bf5 25.Qd5+ Qxd5 26.Bxd5+ Kh8 27.Rd1 c6 
28.Bg2 Ne5 29.g4 Bd7 30.Kh2 Ng6 31.Bg3 h6 32.Be4 
Ne7 33.Rd2 a5 34.Bd6 Rae8 35.Bxc5 Rf7 36.Bxd4 Ng8 
37.Bg6 Be6 38.Bxf7 Bxf7 39.Rf2 Bg6 40.Rf3 h5 
41.gxh5 Bxh5 42.Rxg7 Re2+ 43.Rg2+ Kh7 44.Rxe2 Bxf3 
45.Rf2 Bh5 46.Rf7+ {Ich wünsche angenehme 
Weihnachtsfeiertage. Alles Gute weiterhin.}  Bxf7 
{Vielen Dank, Ich wünsche dir ein frohes 
Weihnachtsfest!!!}  47.Bb6 a4 48.b4 Ne7 49.Kg2 Nf5 
50.Bf2 Nd6 51.Bc5 Ne8 52.Kg3 Nc7 53.Bd6 Ne6 54.Be5 
Bg6 55.d4 Bb1 56.a3 Kg6 57.d5 cxd5 58.cxd5 Ng5 
59.d6 Bf5 60.h4 Ne4+ 61.Kf4 Nd2 62.h5+ Kxh5 
63.Kxf5 Nc4 64.d7 1-0

[Event "HCL-A2458"]
[Site "www.playchess.de"]
[Date "2006.01.28"]
[Round "15"]
[White "alldrix"]
[Black "tiit145"]
[WhiteElo "1684"]
[BlackElo "1547"]
[PlyCount "75"]
[Result "1-0"]

1.e4 {hi}  e5 2.Nc3 Nf6 {Hello!}  3.Bc4 Bb4 4.Nf3 
Bxc3 5.dxc3 O-O 6.O-O d6 7.Re1 Be6 8.Bb3 a6 9.Bg5 
Kh8 10.Qe2 h6 11.Bh4 g5 12.Bg3 Nh5 13.Rad1 Qc8 
14.Nd2 g4 15.Qe3 Kh7 {Hello!Happy New Year! Tiit}  
16.Bh4 Bxb3 17.cxb3 f5 18.exf5 Rxf5 19.Qe4 Nf4 
20.f3 d5 21.Qc2 Kg7 22.fxg4 Rf7 23.Rxe5 Ng6 24.Bg3 
Nxe5 25.Bxe5+ Kg8 26.Qg6+ Kf8 27.Qxh6+ Ke7 28.Re1 
Kd7 29.Nf3 Qg8 30.g5 Rh7 31.Qf6 Nc6 32.Qf5+ Ke8 
33.Bf6+ Ne7 34.g6 Kf8 35.Bxe7+ Ke8 36.Bg5+ Re7 
37.Rxe7+ Kd8 38.Re5+ 1-0

[Event "HCL-A2566"]
[Site "www.playchess.de"]
[Date "2006.01.28"]
[Round "7"]
[White "pop3dan"]
[Black "sucram"]
[WhiteElo "1639"]
[BlackElo "1600"]
[PlyCount "43"]
[Result "1-0"]

1.e4 e5 2.Nf3 Nc6 3.Bb5 d6 4.O-O Bd7 5.c3 a6 6.Ba4 
Nf6 7.Re1 Be7 8.d4 b5 9.Bb3 O-O 10.h3 Na5 11.Bc2 
Re8 12.Nbd2 Nb7 13.dxe5 dxe5 14.Nxe5 Bd6 15.Nxd7 
Nxd7 16.Nf3 Nbc5 17.Bg5 f6 18.Be3 Nxe4 19.Bxe4 Rc8 
20.Bb7 Rb8 21.Bxa6 c6 22.Qxd6 1-0

[Event "HCL-B3836"]
[Site "www.playchess.de"]
[Date "2006.01.28"]
[Round "21"]
[White "riziotis"]
[Black "Akkarin"]
[WhiteElo "1307"]
[BlackElo "1351"]
[PlyCount "78"]
[Result "0-1"]

1.e4 d6 {Hello from Imardin, Kyralia}  2.d4 {hello 
from athewns greece}  Nf6 3.Bd3 Nbd7 4.Nf3 e5 
5.dxe5 dxe5 6.O-O c6 7.Re1 Be7 8.Bg5 Qc7 9.Bxf6 
Nxf6 10.Nc3 O-O 11.Ng5 h6 12.Nf3 Bg4 13.Re3 Bc5 
14.Re2 Bxf3 15.gxf3 Nh5 16.Na4 Be7 17.Re1 Nf4 
18.Bf1 Bh4 19.Nc3 Qe7 20.Ne2 Qg5+ 21.Ng3 Rad8 
22.Bd3 h5 23.Kh1 Nh3 24.Qe2 Nf4 25.Qe3 b6 26.Reg1 
Qe7 27.Rad1 Bg5 28.Nxh5 Nh3 29.Rxg5 Nxg5 30.Rg1 f6 
31.Bc4+ Kh7 32.h4 Kh6 33.f4 Kxh5 34.hxg5 fxg5 
35.Rxg5+ Qxg5 36.fxg5 Kg6 37.Kg2 Rf4 38.Bd3 Rg4+ 
39.Kh3 Rxg5 0-1

[Event "HCL-E1473"]
[Site "www.playchess.de"]
[Date "2006.01.28"]
[Round "21"]
[White "Wernswig"]
[Black "pj287"]
[WhiteElo "1396"]
[BlackElo "1713"]
[PlyCount "128"]
[Result "0-1"]

1.e4 {hi, good luck}  c5 {Hello from Port Jervis, 
NY. Have a good game.}  2.Nf3 d6 3.d4 cxd4 4.Nxd4 
Nf6 5.Nc3 g6 6.Bc4 Bg7 7.O-O Nc6 8.Nb3 O-O 9.Nd4 
Bd7 10.Be3 a6 11.Bd3 Qc7 12.Qf3 Bg4 13.Qg3 Bd7 
14.Nde2 Ne5 15.Rac1 Nc4 16.b3 Nxe3 17.Qxe3 Rac8 
18.Nd5 Nxd5 19.exd5 Rfe8 20.c4 Qc5 21.Qxc5 Rxc5 
22.a4 a5 23.Nc3 Bxc3 24.Rxc3 {(offering draw)}  e5 
{Not yet. Maybe later.}  25.f3 f5 26.Re1 Kf7 
27.Kf2 Rec8 28.Rc2 b5 29.axb5 Bxb5 30.Rec1 Bd7 
31.Ra2 Rxd5 32.cxd5 Rxc1 33.Rxa5 Rc7 34.Ra6 Ke7 
35.Rb6 Bc8 36.b4 Rb7 37.Rb5 Kd7 38.Ke3 Kc7 39.Kd2 
Rxb5 40.Bxb5 Bb7 41.Bc4 Kb6 42.Kc3 Ba6 43.Bxa6 
Kxa6 44.Kc4 g5 45.g3 h5 46.h3 Kb6 47.Kd3 Kb5 
48.Kc3 g4 49.hxg4 hxg4 50.fxg4 fxg4 51.Kb3 e4 
52.Kc3 e3 53.Kd3 Kxb4 54.Kxe3 Kc4 55.Kf4 Kxd5 
56.Kxg4 Ke4 57.Kh3 d5 58.g4 Kf4 59.g5 Kxg5 60.Kg3 
Kf5 61.Kf3 {(offering draw)}  d4 62.Ke2 Ke4 63.Ke1 
Ke3 64.Kd1 Kd3 0-1

[Event "HCL-B3830"]
[Site "www.playchess.de"]
[Date "2006.01.28"]
[Round "10"]
[White "nichju"]
[Black "Bense"]
[WhiteElo "998"]
[BlackElo "1108"]
[PlyCount "116"]
[Result "0-1"]

1.e4 {Good luck!}  e5 {Thank you. Good Luck to you 
also.}  2.Nf3 f6 3.c3 d6 4.d4 Nd7 5.d5 Nc5 6.Be3 
Ne7 7.Nbd2 g5 8.Bc4 b6 9.Bb5+ Kf7 10.Nc4 a6 11.Bc6 
Rb8 12.O-O Nxe4 13.Qd3 Nc5 14.Bxc5 bxc5 15.a3 Bb7 
16.Ba4 Bxd5 17.Bb3 Rxb3 18.Rae1 Bxc4 19.Nxg5+ Ke8 
20.Qxc4 Rxb2 21.Nf7 Qa8 22.Nxh8 Nd5 23.Qa4+ c6 
24.f4 Bg7 25.fxe5 Bxh8 26.exd6+ Kd7 27.Qg4+ Kxd6 
28.Qe6+ Kc7 29.Qf7+ Kb6 30.Reb1 Rxb1 31.Rxb1+ Ka5 
32.c4 Nc3 33.Qc7+ Ka4 34.Ra1 f5 35.Qe7 Ne2+ 
36.Qxe2 Bxa1 37.Qd1+ Kxa3 38.Qxa1+ Kb4 39.Qb1+ 
Kxc4 40.Qxf5 a5 41.Qxh7 a4 42.Qc2+ Kb4 43.h3 a3 
44.Qd2+ Kb3 45.Qc1 a2 46.Qa1 c4 47.Qd1+ Kb2 
48.Qd2+ Kb3 49.Qd1+ Kb4 50.Qd2+ c3 51.Qd4+ Kb3 
52.Qd1+ c2 53.Qd3+ Kb2 54.Qd4+ Kb1 55.Qb4+ 
{(offering draw)}  Kc1 56.Qe1+ Kb2 57.Qe5+ Kb1 
58.Qe1+ {(offering draw)}  c1Q 0-1

[Event "HCL-C3974"]
[Site "www.playchess.de"]
[Date "2006.01.28"]
[Round "3"]
[White "JHPJ"]
[Black "arsenius"]
[WhiteElo "800"]
[BlackElo "875"]
[PlyCount "86"]
[Result "0-1"]

1.e4 e6 2.Nf3 d5 3.Nc3 {your country?}  dxe4 
4.Nxe4 Nf6 5.Nxf6+ Qxf6 6.Bb5+ Bd7 7.a4 a6 8.Bc4 
Bc5 9.d4 Ba7 10.Bg5 Qg6 11.d5 exd5 12.Bxd5 O-O 
13.O-O h6 14.Be7 Re8 15.Re1 Bg4 16.Qd3 Qxd3 
17.cxd3 c6 18.Bc4 Nd7 19.h3 Bxf3 20.gxf3 Nb6 
21.Re4 Nxc4 22.dxc4 b5 23.b3 f5 24.Re6 Kf7 25.Rae1 
Bc5 26.R1e5 Bxe7 27.Rxc6 bxc4 28.Rxf5+ Bf6 29.bxc4 
Kg6 30.Rf4 Re1+ 31.Kg2 Ra1 32.Rg4+ Kh7 33.f4 Rxa4 
34.f5 a5 35.c5 Rxg4+ 36.hxg4 a4 37.Rd6 a3 38.Rd1 
a2 39.c6 a1Q 40.Rxa1 Bxa1 41.c7 Rc8 42.f6 Bxf6 
43.Kf3 Rxc7 0-1